Carregant...

Transport /

Dades bibliogràfiques
Autor principal: Pavaskar, Madhoo
Format: Printed Book
Idioma:English
Publicat: Bombay : Popular Prakashan, 1978.
Col·lecció:Second India Studies
LEADER 00484nam a2200145Ia 4500
008 150624b xxu||||| |||| 00| 0 eng d
082 |a 380.50954 
100 |a Pavaskar, Madhoo 
245 |a Transport /  |c Madhoo Pavaskar 
260 |a Bombay :  |b Popular Prakashan,  |c 1978. 
300 |a 103 p. 
490 |a Second India Studies 
942 |c BK 
999 |c 23480  |d 23480 
952 |0 0  |1 0  |4 0  |6 380_509540000000000_PAV_T  |7 0  |9 23479  |a UL  |b UL  |c ST2  |d 1998-09-01  |l 0  |o 380.50954 PAV/T  |p 34585  |r 2012-10-27  |w 2012-10-27  |y BK